header

Atlas of global development (Record no. 125239)

MARC details
000 -LEADER
fixed length control field 01355nam a2200361 a 4500
245 10 - TITLE STATEMENT
Title Atlas of global development
250 ## - EDITION STATEMENT
Edition statement 3rd ed.
260 ## - PUBLICATION, DISTRIBUTION, ETC. (IMPRINT)
Place of publication Washington, D.C. :
Name of publisher Collins,
Year of publication c2011.
300 ## - PHYSICAL DESCRIPTION
Number of Pages 144 p. :
Other physical details col. ill., col. maps.
500 ## - GENERAL NOTE
General note First published 2007.
650 #0 - SUBJECT ADDED ENTRY--TOPICAL TERM
Topical Term Economic indicators
Topical Term Economic development
Topical Term Globalization
Topical Term Population
Topical Term Social indicators
Topical Term Environmental indicators
856 40 - ELECTRONIC LOCATION AND ACCESS
Uniform Resource Identifier http://site.ebrary.com/lib/rucke/Doc?id=10460969

No items available.

© 2026 Rongo University
Contact us: librarian | system librarian | Rongo university